Hướng dẫn lập báo cáo đánh giá tác động môi trường. Dự án xây dựng kết cấu hạ tầng khu công nghiệp

שמור ב:
מידע ביבליוגרפי
מחבר תאגידי: Bộ tài nguyên và môi trường Cục thầm định và đánh giá tác động môi trường
פורמט: ספר
יצא לאור: Hà Nội 2009
נושאים:
תגים: הוספת תג
אין תגיות, היה/י הראשונ/ה לתייג את הרשומה!
Thư viện lưu trữ: Trung tâm Học liệu Lê Vũ Hùng, Trường Đại học Đồng Tháp
LEADER 01057pam a22002298a 4500
001 00039020
005 20171109161136.0
008 170517s2009 ||||||Viesd
041 0 # |a Vie 
082 1 4 |a 363.7  |b H561D 
110 1 # |a Bộ tài nguyên và môi trường  |b Cục thầm định và đánh giá tác động môi trường 
245 1 0 |a Hướng dẫn lập báo cáo đánh giá tác động môi trường. Dự án xây dựng kết cấu hạ tầng khu công nghiệp  |c Cục thầm định và đánh giá tác động môi trường 
260 # # |a Hà Nội  |c 2009 
300 # # |a 121tr.  |c 29 cm 
500 # # |a ĐTTS ghi :Bộ tài nguyên và môi trường 
653 # # |a khu công nghiệp 
653 # # |a kết cấu hạ tầng 
653 # # |a động môi trường 
852 # # |b Kho đọc  |j KD.1002353 
852 # # |j KD.0021204  |j KM.0022309 
910 |d 17/05/2017 
980 # # |a Trung tâm Học liệu Lê Vũ Hùng, Trường Đại học Đồng Tháp